000 00403nam a2200181Ia 4500
001 17852
005 20260306171547.0
008 260306s9999||||xx |||||||||||||| ||und||
041 _aESP
082 _a658.3
_bA67
100 _aArboccó de los Heros, Manuel
_eAUT
245 0 _aRecursos humanos
260 _c2009
300 _a
_c
650 _aGEN
654 _aCAN
942 _cLIB
_dJUS
_fJUS
_2ddc
_n
999 _c17852
_d17852